书目信息 |
| 题名: |
建筑工程管理与实务百题讲坛
|
|
| 作者: | 龙炎飞 主编 | |
| 分册: | ||
| 出版信息: | 北京 中国建材工业出版社 2022.06 |
|
| 页数: | 341页 | |
| 开本: | 26cm | |
| 丛书名: | 2022全国一级建造师执业资格考试经典真题荟萃 | |
| 单 册: | ||
| 中图分类: | TU71-44 | |
| 科图分类: | ||
| 主题词: | 建筑工程--jian zhu gong cheng--施工管理--资格考试--习题集 | |
| 电子资源: | ||
| ISBN: | 978-7-5160-3500-9 | |
| 000 | 01261nam 2200253 450 | |
| 001 | 29362 | |
| 005 | 20221017144346.73 | |
| 010 | @a978-7-5160-3500-9@dCNY99.80 | |
| 100 | @a20220808d2022 em y0chiy50 ea | |
| 101 | 0 | @achi |
| 102 | @aCN@b110000 | |
| 105 | @aak z 000yy | |
| 200 | 1 | @a建筑工程管理与实务百题讲坛@Ajian zhu gong cheng guan li yu shi wu bai ti jiang tan@f主编龙炎飞 |
| 210 | @a北京@c中国建材工业出版社@d2022.06 | |
| 215 | @a341页@c图@d26cm | |
| 225 | 2 | @a2022全国一级建造师执业资格考试经典真题荟萃@A2022 quan guo yi ji jian zao shi zhi ye zi ge kao shi jing dian zhen ti hui cui |
| 330 | @a本书是《2022全国一级建造师执业资格考试经典真题荟萃》之一, 本丛书以“千题巧解, 百题讲坛”的形式。本书作者根据十年来授课经验和讲义总结, 通过对历年真题的深入研究和把控, 站在考生的角度, 急考生所急, 采用案例”百题讲坛的形式编写了本书。全书共分3部分, 分别是案例题关键词索引, 经典案例题, 标准、规范及条文节选 (超教材外) , 用精炼、简明扼要的语言精准剖析。 | |
| 410 | 0 | @12001 @a2022全国一级建造师执业资格考试经典真题荟萃 |
| 606 | 0 | @a建筑工程@Ajian zhu gong cheng@x施工管理@x资格考试@j习题集 |
| 690 | @aTU71-44@v5 | |
| 701 | 0 | @a龙炎飞@Along yan fei@4主编 |
| 801 | 0 | @aCN@c20220910 |
| 905 | @a河南城建学院图书馆@dTU71-44@eL766@f2 | |
| 962 | @a7427082 | |
| 建筑工程管理与实务百题讲坛/主编龙炎飞.-北京:中国建材工业出版社,2022.06 |
| 341页:图;26cm.-(2022全国一级建造师执业资格考试经典真题荟萃) |
| ISBN 978-7-5160-3500-9:CNY99.80 |
| 本书是《2022全国一级建造师执业资格考试经典真题荟萃》之一, 本丛书以“千题巧解, 百题讲坛”的形式。本书作者根据十年来授课经验和讲义总结, 通过对历年真题的深入研究和把控, 站在考生的角度, 急考生所急, 采用案例”百题讲坛的形式编写了本书。全书共分3部分, 分别是案例题关键词索引, 经典案例题, 标准、规范及条文节选 (超教材外) , 用精炼、简明扼要的语言精准剖析。 |
| ● |
| 相关链接 |
|
|
|
正题名:建筑工程管理与实务百题讲坛
索取号:TU71-44/L766
 
预约/预借
| 序号 | 登录号 | 条形码 | 馆藏地/架位号 | 状态 | 备注 |
| 1 | 1582894 | 215828941 | 建筑库201/201建筑库 17排2列4层/ [索取号:TU71-44/L766] | 在馆 | |
| 2 | 1582895 | 215828950 | 建筑库201/201建筑库 17排2列4层/ [索取号:TU71-44/L766] | 在馆 |